|
|
|
|
| LEADER |
00000cam a2200000 7i4500 |
| 001 |
0000004901 |
| 005 |
20111219.0 |
| 040 |
|
|
|a INS
|
| 090 |
0 |
0 |
|a VCD 359
|
| 245 |
1 |
0 |
|a Persembahan penilaian kurikulum (Kursus lanjutan latihan untuk pensyarah) [
|h cakera video] :
|b 25 - 30 April 1988
|
| 260 |
|
|
|a Bangi :
|b Institut Penilaian Negara ,
|c 1988
|
| 300 |
|
|
|a 1 cakera video (56 min.) :
|b by., wrn. ;
|c 4 3/4 in.
|
| 500 |
|
|
|a Juga terdapat dalam format vhs : VHS 126 B
|
| 650 |
|
0 |
|a Curiculum-base assessment
|
| 710 |
1 |
|
|a Institut Penilaian Negara
|
| 999 |
|
|
|a VCD0000358
|b VIDEO CD
|c Media Collection
|e Default branch
|
| 999 |
|
|
|a VCD0000359
|b VIDEO CD
|c Media Collection
|e Default branch
|